000 01133nam a22001813i 4500
001 165911
003 ES-MaACL
005 20230906213228.0
008 021014s1889 it bf |||| | ita d
040 _aCCPB | B
_bspa
_cCCPB | B
245 0 0 _aSupplemento alla sesta edizione della nuova enciclopedia italiana
_b: raccolta di monografie sui recenti progressi delle scienze delle arti e delle industrie, di biografie, di notizie storiche, geografiche, statistique, ecc : a complemento dell'enciclopedia /
_cordinata dal professore Stefano Pagliani.
260 _aTorino :
_bUnione tipografico-editrice,
_c1889.
300 _av. ;
_c29 cm.
597 1 _aVol. I (1200 p., [6] h. de mapas pleg., [2] h. de grab., [2] h. pleg.)
700 1 1 _aPagliani, Stefano.
_9130770
752 _aItalia -
_dTurín
852 _aES-MaACL
_jC-2006-2011
_z-- Enc. pasta española
_x-- Edic.: Son 5 t. en 6 v., el T. IV está dividido en 2 partes -- T. II. 1891 (1342 p.) -- T. III. 1893 (1233 p.) -- T. IV. 1895-1896 (522 ; 1410 p., [3] h. maps. pleg.) -- T. V. 1899 (1451, 55 p. : il.) -- La parte primera del T. IV imp. en 1896 y la segunda en 1895
999 _c165911
_d165911